Povrchové elektromagnetické vlny

Na minha lista:
Detalhes bibliográficos
Autor principal: Skoršepová, Terézia, 1988- (Author)
Outros Autores: Markoš, Peter, 1958- (Thesis advisor)
Formato: Manuscrito Livro
Idioma:eslovaco
Publicado em: Bratislava : STU v Bratislave FEI, 2010
Assuntos:
Acesso em linha:VAIS
Tags: Adicionar Tag
Sem tags, seja o primeiro a adicionar uma tag!

MARC

LEADER 00000ntm a22000003a 4500
001 stu209450
005 20150617230103.8
008 100818s2010------------------------slo-d
040 |a STU  |b slo 
041 0 |a slo 
100 1 |a Skoršepová, Terézia,  |d 1988-  |4 aut  |u E020  |U FEI Fakulta elektrotechniky a informatiky  |T FEI Ústav elektroenergetiky a aplikovanej elektrotechniky  |X 51450  |U E020  |Y 548  |7 A000051450 
242 0 0 |a Surface electromagnetic waves  |y eng 
245 1 |a Povrchové elektromagnetické vlny  
260 |a Bratislava :  |b STU v Bratislave FEI,  |c 2010 
300 |a 44 s 
650 7 |a elektrotechnika  |2 stusub 
650 7 |a elektromagnetické vlny  |2 stusub 
700 1 |a Markoš, Peter,  |d 1958-  |4 ths  |u E060  |U FEI Fakulta elektrotechniky a informatiky  |T FEI Ústav jadrového a fyzikálneho inžinierstva  |X 54190  |U E060  |Y 817  |7 A000054190 
856 4 |a info a plný text  |u http://is.stuba.sk/zp/portal_zp.pl?podrobnosti=51113  |3 VAIS 
996 |b 284ER00447  |c E*Bc-447  |l EE10  |s P  |a 0  |w stu209450_0001